Las ciencias del mar en Chile

Αποθηκεύτηκε σε:
Λεπτομέρειες βιβλιογραφικής εγγραφής
Κύριοι συγγραφείς: Sánchez, Patricio (Συγγραφέας), Castilla, Juan Carlos (Συγγραφέας)
Συγγραφή απο Οργανισμό/Αρχή: Academia Chilena de Ciencias (Συγγραφέας)
Μορφή: Βιβλίο
Γλώσσα:Ισπανικά
Έκδοση: Santiago CPU 1982
Θέματα:
Ετικέτες: Προσθήκη ετικέτας
Δεν υπάρχουν, Καταχωρήστε ετικέτα πρώτοι!

MARC

LEADER 00000nam a2200000 a 4500
001 UCY2175
003 CL-VaPUC
008 941014e19820000CL |||||||||||||||||spa|d
082 0 4 |a 551.46  |b SAN  |2 21 
100 0 |a Sánchez, Patricio  |e author  |9 330210 
700 0 |a Castilla, Juan Carlos  |e author  |9 330211 
110 2 |a Academia Chilena de Ciencias  |e author  |9 330212 
245 1 4 |a Las ciencias del mar en Chile 
246 1 4 |a Las actividades de investigación y desarrollo en Chile 
300 |a 69 p 
942 |c BK 
945 |d 19941014 00:00:00  |a mfernand 
260 |a Santiago  |b CPU  |c 1982 
500 |a Una visión de la comunidad científica nacional 
650 7 |a CIENCIAS DEL MAR  |2 CL-VaPUC  |9 261896 
650 0 |a Ciencia  |9 255691 
650 0 |a Tecnología  |9 256742 
651 7 |a CHILE  |2 CL-VaPUC  |9 330213 
583 |a last modification  |c 19941014 00:00:00  |k Rodrigo Vera 
999 |c 230654  |d 230652 
952 |0 0  |1 0  |2 ddc  |4 0  |6 551_460000000000000_SAN_1982  |7 0  |8 CCM  |9 233079  |a BIBCUR  |b BIBCUR  |c PAC  |d 2019-11-15  |i 3027031  |o 551.46 SAN 1982  |p 3027031  |r 2025-04-22  |w 2019-11-15  |y BK  |k CIM